Finančná globalizácia a jej dopad na vybrané zoskupenia krajín

Finančná liberalizácia bezprostredne súvisí s otvorenosťou ekonomiky. Otvorené ekonomiky sú schopné prilákať väčší objem priamych zahraničných investícií ako menej otvorené, respektíve uzatvorené ekonomiky. Vzťah vo vybraných zoskupeniach krajín, prostredníctvom viacerých indexov.

Salvato in:
Dettagli Bibliografici
Autore principale: Kováčová, Jana
Natura: Capitolo di libro
Lingua:slovacco
Soggetti:
Tags: Aggiungi Tag
Nessun Tag, puoi essere il primo ad aggiungerne!!

MARC

LEADER 00000nla a2200000 4500
001 0195905
005 20240502073310.3
041 0 |a slo 
044 |a SK 
245 1 0 |a Finančná globalizácia a jej dopad na vybrané zoskupenia krajín  |c Jana Kováčová 
520 |a Finančná liberalizácia bezprostredne súvisí s otvorenosťou ekonomiky. Otvorené ekonomiky sú schopné prilákať väčší objem priamych zahraničných investícií ako menej otvorené, respektíve uzatvorené ekonomiky. Vzťah vo vybraných zoskupeniach krajín, prostredníctvom viacerých indexov. 
610 2 0 |a pohyb služieb voľný 
610 2 0 |a bezpečnosť ekonomická 
610 2 0 |a pohyb kapitálu 
610 2 0 |a liberalizácia 
610 2 0 |a investície priame zahraničné 
610 2 0 |a vzťahy obchodné 
100 1 |a Kováčová, Jana